000 00644nam a2200217Ia 4500
005 20241129104307.0
008 241129s9999||||xx |||||||||||||| ||und||
020 _a9780198896715
037 _aReference
040 _aRTL
_beng
_cRTL
041 _aeng
_2eng
084 _aY592.2 R3/RR
_qRTL
100 _aJodhka Surinder S.; Naudet Jules
_9725651
245 0 _aOXFORD HANDBOOK of caste
_cJodhka Surinder S.; Naudet Jules
260 _aUnited Kingdom
_bOxford University Press
_c2023
300 _axx,660p.
365 _aINR
_bRs.4500.00
650 _aCaste
942 _cRef
_hY592.2 R3/RR
999 _c1225262
_d1225262